[Event "Johor op-A 7th"]
[Site "Johor"]
[Date "2022.12.26"]
[Round "1"]
[White "Nguyen, Van Huy"]
[Black "Aris, TLS"]
[Result "1/2-1/2"]
[WhiteElo "2355"]
[BlackElo "2061"]
[PlyCount "96"]
[EventDate "2022.12.26"]
[EventType "swiss"]
[EventRounds "9"]
[EventCountry "MAS"]
[SourceTitle "CBM 212 Extra"]
[Source "ChessBase"]
[SourceDate "2023.03.31"]
[SourceVersion "1"]
[SourceVersionDate "2023.03.31"]
[SourceQuality "1"]

1. d4 Nf6 2. c4 e6 3. Nf3 d5 4. g3 dxc4 5. Qa4+ c6 6. Qxc4 b5 7. Qc2 Bb7 8. Bg2 a6 9. 0-0 Be7 10. Bg5 h6 11. Bxf6 Bxf6 12. Nc3 Nd7 13. Ne4 Be7 14. Rac1 0-0 15. Rfd1 Qc7 16. Nfd2 f5 17. Nc5 Nxc5 18. dxc5 e5 19. e4 Bc8 20. exf5 Bxf5 21. Qb3+ Kh8 22. Ne4 Rad8 23. Rxd8 Rxd8 24. Rd1 Rd4 25. Re1 Qd7 26. h4 a5 27. a3 Be6 28. Qc2 Bf5 29. Qc3 b4 30. axb4 axb4 31. Qb3 Be6 32. Qa4 Bd5 33. Qa8+ Kh7 34. h5 b3 35. Qb8 Qf5 36. Qe8 Qe6 37. Ra1 Qf7 38. Qxf7 Bxf7 39. Ra7 Bd5 40. Rxe7 Bxe4 41. Rxe5 Bxg2 42. Kxg2 Rd2 43. Re6 Rxb2 44. Rxc6 Rc2 45. g4 Rc4 46. Rb6 Rxg4+ 47. Kf3 Rh4 48. Ke3 Rc4 1/2-1/2

[Event "Penang op 11th"]
[Site "Penang"]
[Date "2019.12.13"]
[Round "7"]
[White "Hari, Madhavan NB"]
[Black "Aris, TLS"]
[Result "1-0"]
[WhiteElo "2280"]
[BlackElo "2062"]
[PlyCount "81"]
[EventDate "2019.12.09"]
[EventType "swiss"]
[EventRounds "9"]
[EventCountry "MAS"]
[SourceTitle "CBM 193 Extra"]
[Source "ChessBase"]
[SourceDate "2020.01.31"]
[SourceVersion "1"]
[SourceVersionDate "2020.01.31"]
[SourceQuality "1"]

1. d4 Nf6 2. Nf3 e6 3. c4 d5 4. g3 Be7 5. Bg2 0-0 6. 0-0 dxc4 7. Qa4 a6 8. Qxc4 b5 9. Qc2 Bb7 10. Bd2 Be4 11. Qc1 b4 12. Bg5 Nbd7 13. Nbd2 Bb7 14. Nb3 a5 15. Rd1 h6 16. Bxf6 Nxf6 17. Nc5 Bd5 18. Ne5 Bxg2 19. Kxg2 Qd5+ 20. f3 Rad8 21. e4 Qa8 22. Qc2 Bd6 23. a4 bxa3 24. Rxa3 Bxc5 25. Qxc5 Nxe4 26. fxe4 Qxe4+ 27. Kf2 Rd5 28. Qc3 c5 29. Nf3 Rb8 30. Re1 Qf5 31. Rxa5 cxd4 32. Rxd5 Qxd5 33. Nxd4 g6 34. b4 Ra8 35. Ra1 Rd8 36. Nf3 Qf5 37. Ra5 Qb1 38. Rc5 Kh7 39. Rc7 Qf5 40. Qe5 Rd2+ 41. Ke1 1-0

[Event "Penang op 11th"]
[Site "Penang"]
[Date "2019.12.11"]
[Round "4"]
[White "Aris, TLS"]
[Black "Teh, Wee Zhun"]
[Result "1/2-1/2"]
[WhiteElo "2062"]
[BlackElo "1898"]
[PlyCount "123"]
[EventDate "2019.12.09"]
[EventType "swiss"]
[EventRounds "9"]
[EventCountry "MAS"]
[SourceTitle "CBM 193 Extra"]
[Source "ChessBase"]
[SourceDate "2020.01.31"]
[SourceVersion "1"]
[SourceVersionDate "2020.01.31"]
[SourceQuality "1"]

1. d4 d5 2. c4 c6 3. Nc3 dxc4 4. a4 e5 5. Nf3 exd4 6. Nxd4 Nd7 7. e3 Ne5 8. f4 Nd3+ 9. Bxd3 cxd3 10. Qxd3 Nf6 11. Qc4 Be7 12. 0-0 0-0 13. a5 c5 14. Nf3 Be6 15. Qe2 Nd5 16. e4 Nxc3 17. bxc3 Bg4 18. h3 Bxf3 19. Qxf3 c4 20. Rd1 Bc5+ 21. Be3 Bxe3+ 22. Qxe3 Qc7 23. Rd5 b6 24. e5 h6 25. Qd4 Rad8 26. axb6 axb6 27. Rd6 Rxd6 28. exd6 Qc6 29. Ra6 Rb8 30. d7 Rd8 31. Rxb6 Qxd7 32. Qxd7 Rxd7 33. Rc6 Rd1+ 34. Kh2 h5 35. h4 g6 36. Rxc4 Kg7 37. Rc6 Rd3 38. Kg1 Rd2 39. Kf1 Kf8 40. Rc4 Rc2 41. Kg1 Ke7 42. Kh2 Ke6 43. Kg3 Kd5 44. Rc8 Ke4 45. Rc7 f6 46. Rc6 Kf5 47. Kf3 Rc1 48. Rc5+ Ke6 49. Ke4 Re1+ 50. Kf3 Rc1 51. g3 Rf1+ 52. Ke3 Re1+ 53. Kf3 Rf1+ 54. Ke2 Rg1 55. Kf2 Rc1 56. Rc6+ Kf5 57. Kf3 Rf1+ 58. Ke3 Rg1 59. Kf3 Rf1+ 60. Kg2 Rc1 61. Rc5+ Ke6 62. c4 1/2-1/2

[Event "Penang op 11th"]
[Site "Penang"]
[Date "2019.12.10"]
[Round "2"]
[White "Wong, Yinn Long"]
[Black "Aris, TLS"]
[Result "1-0"]
[WhiteElo "2298"]
[BlackElo "2062"]
[PlyCount "74"]
[EventDate "2019.12.09"]
[EventType "swiss"]
[EventRounds "9"]
[EventCountry "MAS"]
[SourceTitle "CBM 193 Extra"]
[Source "ChessBase"]
[SourceDate "2020.01.31"]
[SourceVersion "1"]
[SourceVersionDate "2020.01.31"]
[SourceQuality "1"]

1. e4 e6 2. d4 d5 3. Nc3 dxe4 4. Nxe4 Nd7 5. Nf3 Ngf6 6. Bd3 Nxe4 7. Bxe4 Nf6 8. Bg5 h6 9. Bxf6 gxf6 10. Qe2 c6 11. 0-0-0 Qb6 12. c4 Bd7 13. Kb1 0-0-0 14. g4 Bg7 15. Qc2 Kb8 16. Rhg1 Rhg8 17. Rg3 Bf8 18. c5 Qc7 19. Qc1 Bc8 20. Bh7 Rh8 21. Be4 h5 22. g5 f5 23. Bc2 h4 24. Rgg1 Bg7 25. Qe3 b6 26. Bb3 bxc5 27. dxc5 e5 28. Qc3 Ba6 29. Bc2 Rxd1+ 30. Rxd1 Rd8 31. Rxd8+ Qxd8 32. Qb3+ Bb5 33. a4 a6 34. axb5 axb5 35. Qxf7 Bf8 36. Qxf5 Qd5 37. Qxf8+ Ka7 1-0

[Event "Penang Mini op 2nd"]
[Site "Penang"]
[Date "2019.06.07"]
[Round "5"]
[White "Aris, TLS"]
[Black "Li, Wenxiang"]
[Result "0-1"]
[WhiteElo "2104"]
[BlackElo "2260"]
[PlyCount "124"]
[EventDate "2019.06.05"]
[EventType "swiss"]
[EventRounds "9"]
[EventCountry "MAS"]
[SourceTitle "CBM 190 Extra"]
[Source "ChessBase"]
[SourceDate "2019.07.15"]
[SourceVersion "1"]
[SourceVersionDate "2019.07.15"]
[SourceQuality "1"]

1. d4 Nf6 2. c4 g6 3. Nc3 d5 4. cxd5 Nxd5 5. e4 Nxc3 6. bxc3 Bg7 7. Nf3 c5 8. Be3 Qa5 9. Qd2 0-0 10. Rb1 cxd4 11. cxd4 Qxd2+ 12. Kxd2 Rd8 13. Bd3 e6 14. e5 Nc6 15. Bg5 Rd7 16. Ke3 h6 17. Bf6 Bf8 18. Bb5 Rd5 19. Rhc1 Nb4 20. Bc4 Ra5 21. Nd2 b5 22. Bb3 Bb7 23. Rc7 Bd5 24. Rbc1 Bxb3 25. Nxb3 Rxa2 26. Rc8 Rxc8 27. Rxc8 Ra3 28. Ke4 Rxb3 29. Be7 g5 30. Bxf8 Nd5 31. Bxh6+ Kh7 32. Bxg5 a5 33. Ra8 a4 34. Bd2 Kg7 35. f4 Nb6 36. Ra7 Nc4 37. Bc1 Rc3 38. d5 exd5+ 39. Kxd5 Nb6+ 40. Kd4 Rxc1 41. e6 b4 42. Rxf7+ Kg8 43. f5 b3 44. f6 b2 45. Rg7+ Kh8 46. e7 Rc8 47. f7 Kxg7 48. e8Q Rxe8 49. fxe8Q b1Q 50. Qe5+ Kf7 51. Qc7+ Ke6 52. Qc6+ Ke7 53. Qb7+ Kd6 54. Qb8+ Kc6 55. Qe8+ Kc7 56. Qf7+ Kc8 57. Qf8+ Kb7 58. Qf3+ Ka7 59. Qf7+ Ka6 60. Qf3 Qb2+ 61. Kc5 Qb5+ 62. Kd6 Qd5+ 0-1

[Event "Penang Mini op 2nd"]
[Site "Penang"]
[Date "2019.06.05"]
[Round "1"]
[White "Aris, TLS"]
[Black "Greenwood, Martin"]
[Result "1-0"]
[WhiteElo "2104"]
[BlackElo "1513"]
[PlyCount "55"]
[EventDate "2019.06.05"]
[EventType "swiss"]
[EventRounds "9"]
[EventCountry "MAS"]
[SourceTitle "CBM 190 Extra"]
[Source "ChessBase"]
[SourceDate "2019.07.15"]
[SourceVersion "1"]
[SourceVersionDate "2019.07.15"]
[SourceQuality "1"]

1. d4 Nf6 2. Nf3 e6 3. Bg5 Be7 4. Nbd2 d5 5. e3 0-0 6. Be2 b6 7. 0-0 Bb7 8. a4 a5 9. h3 Nbd7 10. c3 c6 11. Qc2 Rc8 12. Rae1 c5 13. Bb5 h6 14. Bf4 Bc6 15. Ba6 Ra8 16. Be2 Rc8 17. b3 Re8 18. Ba6 Ra8 19. Bd3 Nf8 20. Ne5 Bb7 21. Bb5 N6d7 22. Ndf3 Bf6 23. Qe2 Qc8 24. Rc1 Ba6 25. Rfd1 Bxb5 26. Qxb5 Nxe5 27. Nxe5 Bd8 28. Qxe8 1-0

[Event "Putrajaya op 1st"]
[Site "Putrajaya"]
[Date "2019.01.21"]
[Round "8"]
[White "Aris, TLS"]
[Black "Subramaniam, Sumanth"]
[Result "1/2-1/2"]
[WhiteElo "2081"]
[BlackElo "2125"]
[PlyCount "41"]
[EventDate "2019.01.19"]
[EventType "swiss"]
[EventRounds "8"]
[EventCountry "MAS"]
[SourceTitle "CBM 188 Extra"]
[Source "ChessBase"]
[SourceDate "2019.02.26"]
[SourceVersion "1"]
[SourceVersionDate "2019.02.26"]
[SourceQuality "1"]

1. d4 Nf6 2. Bf4 c5 3. c3 cxd4 4. cxd4 Qb6 5. b3 Nc6 6. e3 d6 7. Nf3 e5 8. Bg3 Be7 9. Be2 0-0 10. 0-0 Ne4 11. d5 Nb4 12. a3 Na6 13. Nfd2 Nxg3 14. hxg3 f5 15. Nc3 Bd7 16. Nc4 Qd8 17. b4 Rc8 18. Rc1 Rc7 19. Na5 Qc8 20. Qb3 f4 21. Nc6 1/2-1/2

[Event "Putrajaya op 1st"]
[Site "Putrajaya"]
[Date "2019.01.20"]
[Round "5"]
[White "Lee, Care Greene"]
[Black "Aris, TLS"]
[Result "0-1"]
[WhiteElo "1814"]
[BlackElo "2081"]
[PlyCount "109"]
[EventDate "2019.01.19"]
[EventType "swiss"]
[EventRounds "8"]
[EventCountry "MAS"]
[SourceTitle "CBM 188 Extra"]
[Source "ChessBase"]
[SourceDate "2019.02.26"]
[SourceVersion "1"]
[SourceVersionDate "2019.02.26"]
[SourceQuality "1"]

1. e4 e6 2. d4 d5 3. Nc3 dxe4 4. Nxe4 Nd7 5. Nf3 Ngf6 6. Bd3 Nxe4 7. Bxe4 Nf6 8. Bd3 c5 9. Bg5 cxd4 10. Nxd4 a6 11. c3 Be7 12. Qc2 h6 13. Bh4 Bd7 14. Rd1 Rc8 15. 0-0 Qa5 16. Qb3 b6 17. Bc2 0-0 18. c4 Rfd8 19. Qd3 g6 20. f4 Qc5 21. Qg3 Be8 22. b4 Qxc4 23. Nf5 Qxb4 24. Nxe7+ Qxe7 25. f5 Rxd1 26. Bxd1 exf5 27. Rf2 f4 28. Rxf4 Rc6 29. Rf5 Rc1 30. Rf1 Qc5+ 31. Qf2 Ne4 32. Qxc5 bxc5 33. Bf3 Rxf1+ 34. Kxf1 Nc3 35. Be2 Bb5 36. Bxb5 axb5 37. Be7 c4 38. a3 f5 39. Ke1 Kf7 40. Bc5 Ke6 41. Bd4 Ne4 42. Bg7 h5 43. Ke2 f4 44. Kf3 Kf5 45. Ke2 g5 46. h3 g4 47. h4 Ng3+ 48. Kf2 Ke4 49. Bf6 Nf5 50. Ke2 f3+ 51. gxf3+ gxf3+ 52. Kf2 Ne3 53. Bg5 Ng4+ 54. Kf1 Ke5 55. Be3 0-1

[Event "Johor op 5th"]
[Site "Johor"]
[Date "2018.12.13"]
[Round "6"]
[White "Li, Bo"]
[Black "Aris, TLS"]
[Result "1-0"]
[WhiteElo "2312"]
[BlackElo "2094"]
[PlyCount "61"]
[EventDate "2018.12.10"]
[EventType "swiss"]
[EventRounds "9"]
[EventCountry "MAS"]
[SourceTitle "CBM 187 Extra"]
[Source "ChessBase"]
[SourceDate "2018.11.04"]
[SourceVersion "1"]
[SourceVersionDate "2018.11.04"]
[SourceQuality "1"]

1. d4 Nf6 2. c4 e6 3. Nc3 Bb4 4. Qc2 c5 5. dxc5 0-0 6. Nf3 Nc6 7. a3 Bxc5 8. e3 b6 9. b4 Be7 10. Bb2 Bb7 11. Bd3 h6 12. 0-0 a6 13. Rfd1 Qc7 14. Rac1 Rac8 15. Qe2 d6 16. Nb5 Qb8 17. Bxf6 gxf6 18. Nbd4 Ne5 19. Nxe5 fxe5 20. Qg4+ Kh8 21. Qh5 e4 22. Qxh6+ Kg8 23. Be2 d5 24. Bg4 Qe5 25. Nxe6 Rxc4 26. Bf5 Qh8 27. Qxh8+ Kxh8 28. Nxf8 Bxf8 29. Rxc4 dxc4 30. Rd4 b5 31. Bxe4 1-0

[Event "Johor op 5th"]
[Site "Johor"]
[Date "2018.12.12"]
[Round "4"]
[White "Arfan, Aditya Bagus"]
[Black "Aris, TLS"]
[Result "0-1"]
[WhiteElo "1927"]
[BlackElo "2094"]
[PlyCount "80"]
[EventDate "2018.12.10"]
[EventType "swiss"]
[EventRounds "9"]
[EventCountry "MAS"]
[SourceTitle "CBM 187 Extra"]
[Source "ChessBase"]
[SourceDate "2018.11.04"]
[SourceVersion "1"]
[SourceVersionDate "2018.11.04"]
[SourceQuality "1"]

1. e4 e6 2. d4 d5 3. Nd2 dxe4 4. Nxe4 Nd7 5. Nf3 Ngf6 6. Nxf6+ Nxf6 7. Bd3 c5 8. dxc5 Bxc5 9. Qe2 a6 10. Bg5 Qb6 11. c3 h6 12. Bc1 Bd7 13. Ne5 Bb5 14. Nc4 Qc7 15. b4 Be7 16. a4 Bxc4 17. Bxc4 Rc8 18. Bb5+ axb5 19. Qxb5+ Qd7 20. Bd2 Nd5 21. Ra3 Qxb5 22. axb5 Bf6 23. Ke2 0-0 24. Rc1 Rc4 25. Kd3 Rfc8 26. Rb3 g5 27. h3 Kg7 28. g3 Kg6 29. f3 Be5 30. g4 Nf4+ 31. Bxf4 Rxf4 32. Ke3 f5 33. Ke2 Rfc4 34. Kd3 Kf6 35. Rc2 b6 36. Rc1 h5 37. gxh5 Rh4 38. c4 Rd8+ 39. Ke2 Rxh3 40. c5 Rh2+ 0-1

[Event "Johor op 5th"]
[Site "Johor"]
[Date "2018.12.11"]
[Round "2"]
[White "Czebe, Attila"]
[Black "Aris, TLS"]
[Result "1/2-1/2"]
[WhiteElo "2417"]
[BlackElo "2094"]
[PlyCount "132"]
[EventDate "2018.12.10"]
[EventType "swiss"]
[EventRounds "9"]
[EventCountry "MAS"]
[SourceTitle "CBM 187 Extra"]
[Source "ChessBase"]
[SourceDate "2018.11.04"]
[SourceVersion "1"]
[SourceVersionDate "2018.11.04"]
[SourceQuality "1"]

1. e4 e6 2. d3 d5 3. Nd2 Nf6 4. Ngf3 Be7 5. g3 b6 6. Bg2 Bb7 7. 0-0 c5 8. Re1 Nc6 9. c3 0-0 10. e5 Nd7 11. Nf1 Re8 12. h4 Nf8 13. N1h2 f5 14. exf6 Bxf6 15. d4 cxd4 16. cxd4 Rc8 17. Bf4 Ng6 18. Bg5 Nb4 19. Re2 Ba6 20. Rd2 Bc4 21. b3 Bb5 22. Ng4 a5 23. a3 Nc6 24. Bh3 Qe7 25. Bf1 Na7 26. Rc1 Bxg5 27. Rxc8 Rxc8 28. Nxg5 h6 29. Nf3 Bxf1 30. Kxf1 Qxa3 31. Rc2 Qf8 32. Kg2 Ne7 33. Re2 Rc6 34. Nfe5 Rd6 35. Re3 Nf5 36. Rf3 Nb5 37. Qd3 Qe8 38. Rf4 Rd8 39. Ne3 Nbd6 40. Nxf5 exf5 41. Qf3 Qe6 42. g4 fxg4 43. Nxg4 Ne4 44. Ne5 Rc8 45. h5 Ng5 46. Qd3 Ne4 47. Ng6 Nf6 48. Rf5 Re8 49. Nf4 Qd7 50. f3 b5 51. Kf2 Rf8 52. Ng6 Re8 53. Nf4 Rc8 54. Rxf6 gxf6 55. Qg6+ Qg7 56. Qf5 Rf8 57. Qxd5+ Qf7 58. Qxb5 Rc8 59. Qf5 Rb8 60. Qxa5 Rxb3 61. Qa8+ Kh7 62. Qe4+ f5 63. Qc2 Ra3 64. Kg3 Ra7 65. Qc5 Rc7 66. Qe5 Kg8 1/2-1/2

[Event "Johor op 5th"]
[Site "Johor"]
[Date "2018.12.10"]
[Round "1"]
[White "Aris, TLS"]
[Black "Doshi, Devansh Sanjay"]
[Result "1-0"]
[WhiteElo "2094"]
[BlackElo "1664"]
[PlyCount "63"]
[EventDate "2018.12.10"]
[EventType "swiss"]
[EventRounds "9"]
[EventCountry "MAS"]
[SourceTitle "CBM 187 Extra"]
[Source "ChessBase"]
[SourceDate "2018.11.04"]
[SourceVersion "1"]
[SourceVersionDate "2018.11.04"]
[SourceQuality "1"]

1. d4 g6 2. Nc3 Nf6 3. Bf4 d6 4. Qd2 Bg7 5. e4 Nbd7 6. Nf3 0-0 7. Bh6 e5 8. Bxg7 Kxg7 9. 0-0-0 Qe7 10. Bc4 Nb6 11. Bb3 Be6 12. h3 Bxb3 13. cxb3 a5 14. a3 a4 15. b4 c6 16. dxe5 dxe5 17. Qg5 Nc4 18. Nh4 Kh8 19. g4 Rfe8 20. Rhg1 Ng8 21. Qxe7 Rxe7 22. g5 b5 23. Ng2 f6 24. h4 Rc8 25. Ne3 Nxe3 26. fxe3 c5 27. bxc5 Rxc5 28. Rd8 Kg7 29. Rgd1 Kf7 30. Rb8 fxg5 31. hxg5 Rec7 32. Kb1 1-0

[Event "Penang op 10th"]
[Site "Penang"]
[Date "2018.12.08"]
[Round "9"]
[White "Wu, David Tai Wei"]
[Black "Aris, TLS"]
[Result "1/2-1/2"]
[WhiteElo "1630"]
[BlackElo "2094"]
[PlyCount "180"]
[EventDate "2018.12.03"]
[EventType "swiss"]
[EventRounds "9"]
[EventCountry "MAS"]
[SourceTitle "CBM 187 Extra"]
[Source "ChessBase"]
[SourceDate "2018.11.04"]
[SourceVersion "1"]
[SourceVersionDate "2018.11.04"]
[SourceQuality "1"]

1. d4 Nf6 2. c4 e6 3. Nf3 d5 4. Nc3 Bb4 5. Bg5 c5 6. cxd5 exd5 7. e3 Qa5 8. Bxf6 gxf6 9. Qc1 c4 10. g3 Bf5 11. a3 Be7 12. Bg2 Nd7 13. 0-0 h5 14. Nd2 Nb6 15. b4 cxb3 16. Nxb3 Qa6 17. Nc5 Bxc5 18. dxc5 Nd7 19. Nxd5 Rc8 20. e4 Bg4 21. Qf4 Kf8 22. f3 Be6 23. Nxf6 Nxc5 24. Rfd1 Nd3 25. Qe3 Nb2 26. Nd7+ Ke8 27. Qd4 Nxd1 28. Qxh8+ Kxd7 29. Rxd1+ Ke7 30. Qxh5 Qe2 31. Qg5+ Ke8 32. Qd2 Qxd2 33. Rxd2 Rc3 34. a4 Ra3 35. h4 Rxa4 36. h5 Ra5 37. g4 Kf8 38. Bh3 Ra1+ 39. Kh2 Ra2 40. Rxa2 Bxa2 41. Bf1 a5 42. Kg3 a4 43. Kf2 a3 44. Bd3 Bb3 45. Bb1 a2 46. Bxa2 Bxa2 47. Ke3 Bb3 48. g5 Bd1 49. h6 Kg8 50. f4 Kh7 51. f5 Bc2 52. Kd4 Kg8 53. g6 f6 54. Kd5 b5 55. Ke6 Bxe4 56. Kxf6 b4 57. h7+ Kh8 58. Kf7 Bd5+ 59. Kf8 b3 60. f6 b2 61. f7 b1Q 62. g7+ Kxh7 63. g8Q+ Kh6 64. Qg7+ Kh5 65. Qe5+ Kh6 66. Qg7+ Kh5 67. Qe5+ Kg6 68. Qd6+ Kh7 69. Qxd5 Qb8+ 70. Ke7 Qc7+ 71. Kf6 Qf4+ 72. Ke7 Qc7+ 73. Ke6 Qc8+ 74. Kf6 Qc3+ 75. Ke6 Qc8+ 76. Qd7 Qc4+ 77. Ke7 Qb4+ 78. Qd6 Qb7+ 79. Kf6 Qf3+ 80. Ke6 Qe4+ 81. Kd7 Qb7+ 82. Ke8 Qc8+ 83. Ke7 Qb7+ 84. Ke6 Qb3+ 85. Kf6 Qf3+ 86. Ke7 Qb7+ 87. Qd7 Qb4+ 88. Kf6 Qf4+ 89. Ke6 Kg7 90. Qe8 Qf6+ 1/2-1/2

[Event "Penang op 10th"]
[Site "Penang"]
[Date "2018.12.07"]
[Round "7"]
[White "Guo, Weibao"]
[Black "Aris, TLS"]
[Result "1/2-1/2"]
[WhiteElo "1838"]
[BlackElo "2094"]
[PlyCount "80"]
[EventDate "2018.12.03"]
[EventType "swiss"]
[EventRounds "9"]
[EventCountry "MAS"]
[SourceTitle "CBM 187 Extra"]
[Source "ChessBase"]
[SourceDate "2018.11.04"]
[SourceVersion "1"]
[SourceVersionDate "2018.11.04"]
[SourceQuality "1"]

1. d4 Nf6 2. c4 e6 3. Nf3 d5 4. g3 dxc4 5. Bg2 c6 6. 0-0 Nbd7 7. a4 Be7 8. Na3 0-0 9. Nxc4 Nb6 10. Nfe5 a5 11. b3 Nbd5 12. Bb2 Ra6 13. Nd3 b5 14. Nce5 Rb6 15. Rc1 Bb7 16. Nc5 Ba8 17. Ned3 bxa4 18. Nxa4 Rb5 19. e4 Nb6 20. Nc3 Rg5 21. h4 Rg6 22. Ne2 Nfd7 23. Bc3 Bxh4 24. Bxa5 Bg5 25. Bd2 f5 26. e5 Nd5 27. Nef4 Rh6 28. Nh3 Bxd2 29. Qxd2 Qb6 30. Qb2 Rb8 31. Rb1 Bb7 32. Nhf4 Ba6 33. Nxd5 exd5 34. Rfd1 g5 35. b4 f4 36. gxf4 gxf4 37. Nxf4 Qd8 38. Qe2 Kh8 39. e6 Qh4 40. Qf3 Nf6 1/2-1/2

[Event "Penang op 10th"]
[Site "Penang"]
[Date "2018.12.05"]
[Round "5"]
[White "Lim, Chuin Hoong Ronnie"]
[Black "Aris, TLS"]
[Result "1-0"]
[WhiteElo "2299"]
[BlackElo "2094"]
[PlyCount "63"]
[EventDate "2018.12.03"]
[EventType "swiss"]
[EventRounds "9"]
[EventCountry "MAS"]
[SourceTitle "CBM 187 Extra"]
[Source "ChessBase"]
[SourceDate "2018.11.04"]
[SourceVersion "1"]
[SourceVersionDate "2018.11.04"]
[SourceQuality "1"]

1. Nf3 d5 2. c4 Nf6 3. cxd5 Nxd5 4. d4 e6 5. e4 Bb4+ 6. Bd2 Bxd2+ 7. Qxd2 Nf6 8. Nc3 Nbd7 9. Bc4 Nf8 10. h4 a6 11. a4 Qe7 12. e5 N6d7 13. Ne4 f5 14. exf6 gxf6 15. Rc1 Rg8 16. 0-0 Rg4 17. Ng3 Qd6 18. Rfe1 Nb6 19. Bb3 Kd8 20. Re4 Rg6 21. h5 Rg8 22. Rce1 Bd7 23. Qh6 Nd5 24. Bxd5 exd5 25. Rf4 b5 26. Rxf6 Qb4 27. Rxa6 Rb8 28. axb5 Bxb5 29. Qf6+ Kc8 30. Ra7 Nd7 31. Qf7 Qf8 32. Qxd5 1-0

[Event "Kuala Lumpur op 15th"]
[Site "Kuala Lumpur"]
[Date "2018.08.20"]
[Round "1"]
[White "Deepan Chakkravarthy, J."]
[Black "Aris, TLS"]
[Result "1-0"]
[WhiteElo "2530"]
[BlackElo "2147"]
[PlyCount "119"]
[EventDate "2018.08.20"]
[EventType "swiss"]
[EventRounds "9"]
[EventCountry "MAS"]
[SourceTitle "CBM 186 Extra"]
[Source "ChessBase"]
[SourceDate "2018.08.24"]
[SourceVersion "1"]
[SourceVersionDate "2018.08.24"]
[SourceQuality "1"]

1. Nf3 Nf6 2. g3 d5 3. Bg2 e6 4. 0-0 Be7 5. d4 0-0 6. c4 dxc4 7. Qc2 Nbd7 8. Qxc4 c5 9. Rd1 Nb6 10. Qc2 cxd4 11. Nxd4 Qe8 12. Nc3 a6 13. Qb3 Nbd7 14. Qc2 Bc5 15. h3 Qe7 16. Be3 Rd8 17. Rac1 Ba7 18. Qd2 Re8 19. Nb3 Bxe3 20. Qxe3 e5 21. Kh2 h6 22. a3 e4 23. Nd2 Ne5 24. Kg1 Bf5 25. Ndxe4 Nc4 26. Nxf6+ Qxf6 27. Qf4 Nxb2 28. Nd5 Qe5 29. Qxe5 Rxe5 30. Rd2 Na4 31. Rd4 b5 32. Nf6+ gxf6 33. Bxa8 Bxh3 34. e3 Be6 35. Bb7 a5 36. Rd8+ Kg7 37. Ra8 Bc4 38. Bg2 Nc5 39. Bf1 Nb3 40. Rd1 Rc5 41. Rdd8 Bxf1 42. Kxf1 a4 43. Kg2 f5 44. Rac8 Re5 45. Rc7 Na5 46. Rdd7 Nc4 47. Rxf7+ Kg6 48. Rfd7 Re6 49. Rd3 Rb6 50. f4 Nb2 51. Rdc3 Nc4 52. Kf2 Kf6 53. Rd3 Nd6 54. Kf3 Ke6 55. g4 fxg4+ 56. Kxg4 Ne8 57. Ra7 Nf6+ 58. Kf3 Rc6 59. Rb7 Rc5 60. e4 1-0

[Event "Jakarta op"]
[Site "Jakarta"]
[Date "2018.07.03"]
[Round "8"]
[White "Aris, TLS"]
[Black "Walukow, Theodora Paulina"]
[Result "1-0"]
[WhiteElo "2159"]
[BlackElo "1758"]
[PlyCount "99"]
[EventDate "2018.06.29"]
[EventType "swiss"]
[EventRounds "9"]
[EventCountry "INA"]
[SourceTitle "CBM 185 Extra"]
[Source "ChessBase"]
[SourceDate "2018.07.29"]
[SourceVersion "1"]
[SourceVersionDate "2018.07.29"]
[SourceQuality "1"]

1. d4 d5 2. Nf3 Nf6 3. Bg5 e6 4. Nbd2 Be7 5. e3 h6 6. Bh4 Nbd7 7. Bd3 0-0 8. 0-0 c5 9. c3 c4 10. Bc2 Qc7 11. e4 dxe4 12. Nxe4 Nd5 13. Bxe7 Nxe7 14. a4 b6 15. Qe2 Bb7 16. Nfd2 Rac8 17. f4 Rfe8 18. Rae1 f5 19. Ng3 Nd5 20. Qf2 N7f6 21. h3 Qc6 22. Re2 Rc7 23. Rfe1 g5 24. fxg5 hxg5 25. Nxf5 exf5 26. Rxe8+ Nxe8 27. Qxf5 Rg7 28. Be4 Nef6 29. Bf3 Bc8 30. Qe5 Bd7 31. g4 Kh7 32. Ne4 Re7 33. Nxg5+ Kh6 34. Qxe7 Nxe7 35. Bxc6 Nxc6 36. Nf3 Kg6 37. Kf2 Nd5 38. Kg3 Kg7 39. Nd2 Na5 40. Re5 Nf6 41. Kf4 Kg6 42. Ne4 Nxe4 43. Rxe4 Bxa4 44. h4 Bc6 45. h5+ Kf7 46. Re5 Nb7 47. g5 Nd8 48. d5 Bd7 49. g6+ Kg8 50. Re7 1-0

[Event "Jakarta op"]
[Site "Jakarta"]
[Date "2018.07.03"]
[Round "9"]
[White "Syaifudin, Agus"]
[Black "Aris, TLS"]
[Result "1/2-1/2"]
[WhiteElo "2161"]
[BlackElo "2159"]
[PlyCount "40"]
[EventDate "2018.06.29"]
[EventType "swiss"]
[EventRounds "9"]
[EventCountry "INA"]
[SourceTitle "CBM 185 Extra"]
[Source "ChessBase"]
[SourceDate "2018.07.29"]
[SourceVersion "1"]
[SourceVersionDate "2018.07.29"]
[SourceQuality "1"]

1. e4 e6 2. d4 d5 3. Nc3 h6 4. Bd3 Nf6 5. Nf3 c5 6. exd5 exd5 7. Qe2+ Qe7 8. Qxe7+ Bxe7 9. dxc5 Bxc5 10. Nb5 Na6 11. c3 0-0 12. 0-0 Bd7 13. Nbd4 Nc7 14. h3 Ne6 15. Be3 Nxd4 16. Bxd4 Bxd4 17. Nxd4 Rfe8 18. Rfe1 Kf8 19. Kf1 b6 20. Rxe8+ Rxe8 1/2-1/2

[Event "Jakarta op"]
[Site "Jakarta"]
[Date "2018.07.02"]
[Round "7"]
[White "Hartono"]
[Black "Aris, TLS"]
[Result "1-0"]
[WhiteElo "2150"]
[BlackElo "2159"]
[PlyCount "96"]
[EventDate "2018.06.29"]
[EventType "swiss"]
[EventRounds "9"]
[EventCountry "INA"]
[SourceTitle "CBM 185 Extra"]
[Source "ChessBase"]
[SourceDate "2018.07.29"]
[SourceVersion "1"]
[SourceVersionDate "2018.07.29"]
[SourceQuality "1"]

1. e4 e6 2. d4 d5 3. Nd2 h6 4. c3 c5 5. exd5 exd5 6. Ngf3 Nf6 7. Bb5+ Bd7 8. Bxd7+ Nbxd7 9. 0-0 Be7 10. dxc5 Nxc5 11. Nb3 0-0 12. Be3 Na4 13. Qc2 Nb6 14. Rad1 Qc7 15. h3 Rad8 16. Rd3 Nc4 17. Bd4 Nh5 18. Be3 Nxe3 19. Rxe3 Nf4 20. Nfd4 Bg5 21. Rfe1 a6 22. h4 Bf6 23. g3 Nh5 24. Qe2 g6 25. Qg4 Ng7 26. Qf3 Rd6 27. Rd3 Rfd8 28. Red1 Be5 29. Qe3 Bf6 30. Qxh6 g5 31. Nf3 gxh4 32. Ng5 Bxg5 33. Qxg5 hxg3 34. Rxg3 Rg6 35. Qh4 Rdd6 36. Nd4 Qc4 37. Re1 Qd3 38. Kg2 Qd2 39. Re2 Qd1 40. Re5 Rdf6 41. Reg5 Qd2 42. Nf3 Qe2 43. Rxg6 Rxg6 44. Rxg6 fxg6 45. Qd8+ Ne8 46. Qxd5+ Kf8 47. Qxb7 Nf6 48. Qc8+ Kg7 1-0

[Event "Jakarta op"]
[Site "Jakarta"]
[Date "2018.06.30"]
[Round "2"]
[White "Aris, TLS"]
[Black "David, Saputra"]
[Result "1-0"]
[WhiteElo "2159"]
[BlackElo "1819"]
[PlyCount "61"]
[EventDate "2018.06.29"]
[EventType "swiss"]
[EventRounds "9"]
[EventCountry "INA"]
[SourceTitle "CBM 185 Extra"]
[Source "ChessBase"]
[SourceDate "2018.07.29"]
[SourceVersion "1"]
[SourceVersionDate "2018.07.29"]
[SourceQuality "1"]

1. d4 Nf6 2. Nf3 c6 3. c3 d5 4. Bg5 e6 5. Nbd2 Be7 6. e3 Nbd7 7. Bd3 h6 8. Bh4 0-0 9. 0-0 Ne8 10. Bg3 f5 11. Ne5 Nxe5 12. Bxe5 Bd6 13. Nf3 g5 14. Bxd6 Nxd6 15. Ne5 Nf7 16. Qh5 Nxe5 17. dxe5 Kg7 18. f4 Bd7 19. a4 g4 20. g3 Qb6 21. Rfe1 Qxb2 22. Rad1 Qxc3 23. h3 gxh3 24. g4 Rae8 25. gxf5 exf5 26. Kh1 Rf7 27. Rg1+ Kf8 28. Qxh6+ Ke7 29. Qh4+ Kf8 30. Rg6 Be6 31. Rdg1 1-0